Statistics for City in the Lyrics #2

Click here to take the quiz!

General Stats

  • This quiz has been taken 42 times
  • The average score is 6 of 15

Answer Stats

LyricsCity% Correct
Gold Coast slave ship bound for cotton fields / Sold in a market down in ___ _______New Orleans
69%
Boy toy named Troy used to live in _______ / Big dope dealer money, he was gettin' some coinsDetroit
67%
I'm back, back in the ___ ____ groove / I'm back, back in the ___ ____ grooveNew York
67%
Do you know the way to ___ ____?San Jose
64%
______ calling to the faraway towns / Now war is declared, and battle come downLondon
53%
Well I'm standin' on a corner / In _______, Arizona / Such a fine sight to seeWinslow
50%
Dancing in the street / Philadelphia, PA / _________ and DC now / Can't forget the Motor CityBaltimore
42%
In __________ they love the gov'nor (boo,boo,boo) / Now we all did what we could do / Now Watergate does not bother me / Does your conscience bother you?Birmingham
36%
Right away Mary Anne flew in from _______ / On a red eye midnight flight / She held Wanda's hand and they worked out a planAtlanta
31%
And when I am king / Surely I would need a queen / And a palace and everything, yeah / And now I am king / And my queen will come at dawn / She'll be waiting in ________ townKingston
19%
PT-boat on the way to ______ / I used to make a living, man / Pickin' the bananaHavana
17%
Yeah, I'm from _______, there's hella Honda Civics / I couldn't tell you about paint either / But I really wanted a Caddy so I put in the hoursSeattle
17%
With every step we take, _____ to the bay / Strolling so casually / We're different and the same, get you another name / Switch up the batteriesKyoto
11%
_______ _____ / That's where I want to be / Livin' in _______ _____Beverly Hills
8%
Cause I shot first and I killed him, Lord, he didn't even draw / And he made me trade the gallows for the ________ bluesMexicali
3%

Score Distribution

Percentile by Number Answered

Percent of People with Each Score

Your Score History

You have not taken this quiz